Účtovná závierka vo vybranom podniku diplomová práca

Na minha lista:
Detalhes bibliográficos
Autor principal: Nagyová, Anita
Autor Corporativo: Podnikovohospodárska fakulta EU so sídlom v Košiciach. Katedra účtovníctva a financií
Outros Autores: Pásztorová, Gabriela
Formato: Livro
Idioma:eslovaco
Publicado em: Košice 2011
Tags: Adicionar Tag
Sem tags, seja o primeiro a adicionar uma tag!

MARC

LEADER 00000nbm a2200000 4500
001 0130523
005 20161109101543.4
041 0 |a slo 
044 |a SK 
245 1 0 |a Účtovná závierka vo vybranom podniku  |b diplomová práca  |c Anita Nagyová ; školiteľ: Gabriela Pásztorová 
264 1 |a Košice  |c 2011 
300 |a 59 s. 
100 1 |a Nagyová, Anita 
700 1 |a Pásztorová, Gabriela 
710 2 |a Podnikovohospodárska fakulta EU so sídlom v Košiciach. Katedra účtovníctva a financií